Pakistan's Foreign Policy: (Record no. 24174)

000 -LEADER
fixed length control field 00895nam a22002297a 4500
003 - CONTROL NUMBER IDENTIFIER
control field Nust
005 - DATE AND TIME OF LATEST TRANSACTION
control field 20170519122551.0
008 - FIXED-LENGTH DATA ELEMENTS--GENERAL INFORMATION
fixed length control field 140509b xxu||||| |||| 00| 0 eng d
020 ## - INTERNATIONAL STANDARD BOOK NUMBER
Terms of availability Available
International Standard Book Number 9780195798012
040 ## - CATALOGING SOURCE
Original cataloging agency DLC
Language of cataloging DLC
Transcribing agency RCMS
082 ## - DEWEY DECIMAL CLASSIFICATION NUMBER
Classification number 327.59 AMI
100 ## - MAIN ENTRY--PERSONAL NAME
Personal name Shahid M. Amin
9 (RLIN) 484
245 ## - TITLE STATEMENT
Title Pakistan's Foreign Policy:
Statement of responsibility, etc. Amin, Shahid
Remainder of title A reappraisal
260 ## - PUBLICATION, DISTRIBUTION, ETC.
Place of publication, distribution, etc. New York
Name of publisher, distributor, etc. Oxford University Press
Date of publication, distribution, etc. c2000
300 ## - PHYSICAL DESCRIPTION
Extent 356 p. ;
Other physical details ill:
Dimensions 22,cm.
538 ## - SYSTEM DETAILS NOTE
Display text Shelf # 13, Row # 2, Fiction.
650 ## - SUBJECT ADDED ENTRY--TOPICAL TERM
Topical term or geographic name entry element Foreign Policy
9 (RLIN) 485
856 ## - ELECTRONIC LOCATION AND ACCESS
Materials specified Table of Content Only
942 ## - ADDED ENTRY ELEMENTS (KOHA)
Source of classification or shelving scheme
Koha item type Fiction
Holdings
Withdrawn status Lost status Source of classification or shelving scheme Damaged status Not for loan Permanent Location Current Location Shelving location Date acquired Total Checkouts Full call number Barcode Date last seen Date last checked out Price effective from Koha item type
          Central Library (CL) Central Library (CL) General Stacks 05/09/2014 1 327.54AMI RCMS000873 07/30/2025 06/11/2019 05/09/2014 Book
          School of Interdisciplinary Engineering and Sciences (SINES) School of Interdisciplinary Engineering and Sciences (SINES) General Stacks 05/09/2014   327.54AMI RCMS000874 05/09/2014   05/09/2014 Book
© 2023 Central Library, National University of Sciences and Technology. All Rights Reserved.